000 00858nam a22002537a 4500
001 BR8206506
003 BR-BrBNA
005 20230928091517.0
007 ta
008 230509b bl.||||| |||| 00| 0 por d
040 _aBR-BrBNA
_bpor
_cBiblioteca Nacional de Agricultura
041 _a(Por)
072 _aD10; U20
_b/G514
090 _ D10 BR8206506
110 1 _aSecretaria Nacional de Planejamento Agricola, Brasilia, DF (Brasil)
_99209
245 1 _aSistema de Informacoes Gerenciais do Ministerio da Agricultura - SIGMA. Subsistema de Informacoes sobre o Desempenho do Setor Agricola - SIDSA [Brasil]
_bAnexo 2. v. 3
260 3 _aBrasilia, DF (Brasil):
_c1982.
300 _a9 p.
650 _aPRODUTO AGRICOLA
650 _aESTATISTICA DE PRODUCAO
650 _aSISTEMA DE INFORMACAO
909 _a202309
_bLucia
_c55
_dLucia Elande
942 _cBK
999 _c34180
_d34180